Critical options for evangelicals / (Record no. 11019)

MARC details
000 -LEADER
fixed length control field 01532nam a22002177a 4500
003 - CONTROL NUMBER IDENTIFIER
control field GBCCL
005 - DATE AND TIME OF LATEST TRANSACTION
control field 20251112110814.0
008 - FIXED-LENGTH DATA ELEMENTS--GENERAL INFORMATION
fixed length control field 251112b |||||||| |||| 00| 0 eng d
020 ## - INTERNATIONAL STANDARD BOOK NUMBER
International Standard Book Number 9780969559603
020 ## - INTERNATIONAL STANDARD BOOK NUMBER
International Standard Book Number 0969559607
040 ## - CATALOGING SOURCE
Transcribing agency GBC
082 ## - DEWEY DECIMAL CLASSIFICATION NUMBER
Classification number 261.1
Item number STI 1
100 ## - MAIN ENTRY--PERSONAL NAME
Personal name Stiller, Brian C.
245 ## - TITLE STATEMENT
Title Critical options for evangelicals /
Statement of responsibility, etc. Brian C. Stiller
260 ## - PUBLICATION, DISTRIBUTION, ETC.
Place of publication, distribution, etc. Markham, Ont.,
Name of publisher, distributor, etc. Faith Today Publications,
Date of publication, distribution, etc. ©1991
300 ## - PHYSICAL DESCRIPTION
Extent xiv, 156 pages ;
Other physical details 21 cm
505 ## - FORMATTED CONTENTS NOTE
Formatted contents note Our Evangelical identity<br/>Just who do we think we are?<br/>Passing the torch<br/>Wanted : radicals for our time<br/>The paradox of the gospel : free but costly<br/>Hell : the great denial<br/>A Christian census<br/>Do Evangelicals evangelize?<br/>"Dressing up Jesus"<br/>Sins of the saints<br/>Beware of the grumpies<br/>Watch out for wheelbarrows!<br/>Together we stand<br/>Christians and the public arena<br/>Advancing biblical values in a secular society<br/>The gods must be snoring<br/>Watch what's flying<br/>Our "sacred" myths<br/>Beyond civil disobedience<br/>A necessary defence!<br/>To win or lose?<br/>Jesus a socialist?<br/>A "Christian" party?<br/>Lies snowball<br/>Communism goes kerplunk<br/>Who are the good guys?<br/>Abortion : crisis of leadership<br/>Supporting imperfect legislation<br/>Lessons from an abortionist and an AIDS victim<br/>The erosion of influence<br/>The feminist critique : hype or reality?<br/>Pornography's monstrous lie<br/>To save seals or souls?<br/>Humanitarianism is not enough<br/>Science boxed in
650 ## - SUBJECT ADDED ENTRY--TOPICAL TERM
Topical term or geographic name entry element Church and the world
650 ## - SUBJECT ADDED ENTRY--TOPICAL TERM
Topical term or geographic name entry element Evangelicalism
942 ## - ADDED ENTRY ELEMENTS (KOHA)
Source of classification or shelving scheme Dewey Decimal Classification
Koha item type Books
Suppress in OPAC No
Holdings
Withdrawn status Lost status Source of classification or shelving scheme Damaged status Not for loan Home library Current Library Shelving location Date acquired Total checkouts Full call number Barcode Date last seen Copy number Price effective from Koha item type
    Dewey Decimal Classification     GRACE BIBLE COLLEGE GRACE BIBLE COLLEGE Ministry & Mission 2025-11-12   261.1 STI 017261 2025-11-12 c.1 2025-11-12 Books
© Grace Bible College Library 2025